| 000 | 00406nam a2200157 i 4500 | ||
|---|---|---|---|
| 001 | 28151 | ||
| 003 | ES-MaACL | ||
| 005 | 20230906153757.0 | ||
| 007 | t| | ||
| 008 | 030116s1917 fr ||||1| fre d | ||
| 100 | 1 |
_aBachelin, Henri. _924471 |
|
| 245 | 1 | 3 |
_aLa guerre sur le hameau / _cHenri Bachelin. |
| 260 |
_aParĂs : _bFlammarion, _c[1917] |
||
| 300 |
_a254 p. ; _c19 cm. |
||
| 852 |
_aES-MaACL _jF-4149 |
||
| 999 |
_c28151 _d28151 |
||